| 000 | 01041cam a22003135a 4500 | ||
|---|---|---|---|
| 001 | 016938595 | ||
| 003 | OSt | ||
| 005 | 20201128021527.0 | ||
| 008 | 141103t2014 nyua frb 001 0 eng d | ||
| 020 | _a9780071799928 (hbk.) | ||
| 020 | _a0071799923 | ||
| 040 |
_aStDuBDS _beng _cStDuBDS _dEG-ScBUE |
||
| 082 | 0 | 4 |
_a660.282 _222 _bSIN |
| 100 | 1 |
_aSingh, Murari P. _938833 |
|
| 245 | 1 | 0 |
_aExpanders for oil and gas operations : _bdesign, applications, and troubleshooting / _cMurari Singh, Michael J. Drosjack, David H. Linden. |
| 260 |
_aNew York : _bMcGraw Hill Education, _cc.2014. |
||
| 300 |
_axiii, 530 p. : _bill. ; _c24 cm. |
||
| 500 | _aIndex : p. 521-530. | ||
| 504 | _aBibliography : p. 513-520. | ||
| 650 | 0 |
_aExpanders, Gas. _2BUEsh |
|
| 650 | 0 |
_aWaste gases. _2BUEsh |
|
| 650 | 7 |
_aChemical engineering. _2BUEsh _91062 |
|
| 650 | 0 |
_aPetroleum engineering. _2BUEsh |
|
| 651 | _2BUEsh | ||
| 653 |
_bENGGEN _cAugust2015 _cDecember2015 |
||
| 700 | 1 | _aDrosjack, Michael J., | |
| 700 | 1 |
_aLinden, David H., _930488 |
|
| 942 | _2ddc | ||
| 999 |
_c20658 _d20630 |
||